[Event "I Weekend A"]
[Site "Salerno ITA"]
[Date "2012.01.29"]
[Round "5"]
[White "Puglisi, Vincenzo"]
[Black "Rebeggiani, Andrea"]
[WhiteElo "2034"]
[BlackElo "1947"]
[Result "1-0"]
[PlyCount "64"]
[EventDate "2012.01.27"]

1. Nf3 c6 2. b3 Nf6 3. Bb2 d5 4. Ne5 Nfd7 5. f4 f6 6. Nf3 Qc7 7. e3 Nb6 8. Bd3
Be6 9. O-O N8d7 10. a4 Nc5 11. Be2 Bf7 12. a5 Nbd7 13. d4 Ne4 14. Nbd2 O-O-O
15. c4 e6 16. c5 a6 17. Nxe4 dxe4 18. Nd2 f5 19. Qc2 h6 20. Nc4 Rg8 21. Nb6+
Kb8 22. Ra4 g5 23. Rb4 Ka7 24. Nxd7 Qxd7 25. Rb6 Be7 26. Ra1 Rgf8 27. Ra4 Rb8
28. Qc4 Qc8 29. Rab4 Bd8 30. Qc1 Be8 31. Bxa6 Bxb6 32. cxb6+ Ka8 1-0

[Event "I Weekend A"]
[Site "Salerno ITA"]
[Date "2012.01.29"]
[Round "5"]
[White "Ricci, Alessio"]
[Black "Consalvo, Gerardo"]
[WhiteElo "1865"]
[BlackElo "2029"]
[Result "1-0"]
[PlyCount "99"]
[EventDate "2012.01.27"]

1. d4 Nf6 2. Nf3 d5 3. Nbd2 c5 4. e3 Nbd7 5. b3 Qc7 6. Bb2 g6 7. Bd3 Bg7 8. O-O
O-O 9. Rc1 e5 10. Nxe5 Nxe5 11. dxe5 Ng4 12. Nf3 c4 13. Be2 Rd8 14. h3 c3 15.
Bxc3 Nxe3 16. fxe3 Qxc3 17. Qd4 Qc7 18. c4 dxc4 19. Qxc4 Qe7 20. Qc5 Qxc5 21.
Rxc5 Bh6 22. Kf2 Bf5 23. Rc7 Be4 24. Bc4 Rf8 25. Ke2 Rac8 26. Re7 b5 27. Bd3
Bxd3+ 28. Kxd3 b4 29. Re1 Rfd8+ 30. Nd4 Rc3+ 31. Ke4 a5 32. g4 Bg7 33. Rf1 Rf8
34. g5 Rcc8 35. Kd5 Rfd8+ 36. Ke4 Rf8 37. Kd5 Rfd8+ 38. Ke4 Rf8 39. Rf2 Rc1 40.
Ra7 Rc5 41. Re7 Rc1 42. h4 h6 43. Nb5 hxg5 44. hxg5 Rg1 45. Nd6 Rxg5 46. Rfxf7
Rxf7 47. Nxf7 Rf5 48. e6 Kf8 49. Rd7 Ke8 50. Nd6+ 1-0

[Event "I Weekend A"]
[Site "Salerno ITA"]
[Date "2012.01.29"]
[Round "5"]
[White "Seletsky, Grigory"]
[Black "Ficco, Corrado"]
[WhiteElo "2277"]
[BlackElo "2071"]
[Result "1-0"]
[PlyCount "105"]
[EventDate "2012.01.27"]

1. e4 e6 2. d4 d5 3. Nd2 c5 4. exd5 exd5 5. dxc5 Bxc5 6. Nb3 Be7 7. Nf3 Nf6 8.
Be2 Nc6 9. O-O O-O 10. Bg5 h6 11. Bh4 Bf5 12. Nfd4 Bh7 13. Bd3 Bxd3 14. Qxd3
Ne5 15. Qe2 Ng6 16. Bxf6 Bxf6 17. c3 Bxd4 18. Nxd4 Qd7 19. Rfe1 Rfe8 20. Qb5
Rxe1+ 21. Rxe1 Rd8 22. Qxd7 Rxd7 23. Re8+ Kh7 24. Kf1 Ne7 25. Ke2 Kg6 26. Kd3
Kf6 27. a4 Ng6 28. g3 Ne5+ 29. Kc2 Ng4 30. f3 Nxh2 31. Re1 Re7 32. Rh1 Nxf3 33.
Nxf3 Re2+ 34. Nd2 Kg5 35. Kd3 Rg2 36. Nf1 Rxb2 37. Ne3 f5 38. Rh4 Rf2 39. Rd4
Rf3 40. Rxd5 g6 41. g4 h5 42. gxf5 gxf5 43. Ke2 Rf4 44. a5 h4 45. Rd7 Ra4 46.
Kf3 Rxa5 47. Rg7+ Kf6 48. Rxb7 Re5 49. Kf4 Kg6 50. c4 a5 51. Rb5 Rxb5 52. cxb5
h3 53. Kf3 1-0

[Event "I Weekend A"]
[Site "Salerno ITA"]
[Date "2012.01.29"]
[Round "5"]
[White "Skrijely, Edin"]
[Black "Loi, Andrea"]
[WhiteElo "1737"]
[BlackElo "2005"]
[Result "1-0"]
[PlyCount "87"]
[EventDate "2012.01.27"]

1. e4 c5 2. Nc3 d6 3. f4 Nf6 4. Bc4 a6 5. d4 cxd4 6. Qxd4 Nc6 7. Qf2 e6 8. Be3
Ng4 9. Qe2 Nxe3 10. Qxe3 Be7 11. O-O-O O-O 12. Nf3 b5 13. Bd3 Bd7 14. Ng5 h6
15. h4 b4 16. Nb1 hxg5 17. hxg5 e5 18. Rh4 Bxg5 19. fxg5 Ne7 20. Qf3 Ng6 21.
Qh5 Re8 22. Qh7+ Kf8 23. Rh5 Bg4 24. Rf1 Bxh5 25. Qxh5 Kg8 26. Bc4 Ra7 27. Qxg6
d5 28. Qh5 dxc4 29. Rh1 Kf8 30. Qh8+ Ke7 31. Qxg7 Qb6 32. Qxe5+ Kd8 33. Qf4 Rd7
34. Nd2 c3 35. Nc4 Qc7 36. Qf6+ Kc8 37. Nb6+ Kb7 38. Nxd7 Qxd7 39. bxc3 Re6 40.
Qf3 bxc3 41. Qxc3 Rxe4 42. Qf3 Qc6 43. Qxf7+ Kb6 44. Rh6 1-0

[Event "I Weekend A"]
[Site "Salerno ITA"]
[Date "2012.01.29"]
[Round "5"]
[White "Vena, Alessio"]
[Black "Panariello, Francesco"]
[WhiteElo "1898"]
[BlackElo "1756"]
[Result "1-0"]
[PlyCount "75"]
[EventDate "2012.01.27"]

1. e4 e6 2. d3 c5 3. Nf3 g6 4. Bg5 Qb6 5. Qc1 Bg7 6. c3 Nc6 7. Nbd2 Nge7 8. g3
O-O 9. Bg2 d5 10. O-O h6 11. Be3 d4 12. cxd4 cxd4 13. Nc4 Qd8 14. Bxh6 b5 15.
Bxg7 Kxg7 16. Nce5 Bb7 17. Ng4 Rh8 18. Qf4 Ng8 19. Ng5 Qd7 20. Rac1 Rc8 21. Ne5
Nxe5 22. Qxe5+ Nf6 23. f4 a6 24. f5 exf5 25. exf5 Rhe8 26. Qf4 Bxg2 27. Kxg2
Nd5 28. Qxd4+ Kg8 29. Rxc8 Rxc8 30. fxg6 f6 31. Ne4 Rc2+ 32. Nf2 Qe6 33. Kg1
Re2 34. Ne4 Ne3 35. Nxf6+ Kg7 36. Nh5+ Kh6 37. Nf4 Re1 38. Rxe1 1-0

[Event "I Weekend A"]
[Site "Salerno ITA"]
[Date "2012.01.29"]
[Round "5"]
[White "Zinnai, Graziano Matteo"]
[Black "Varvaglione, Antonio"]
[WhiteElo "1959"]
[BlackElo "2008"]
[Result "0-1"]
[PlyCount "138"]
[EventDate "2012.01.27"]

1. e4 c5 2. Nf3 d6 3. c3 Nf6 4. Be2 Nc6 5. d3 g6 6. O-O Bg7 7. Nbd2 O-O 8. Re1
Rb8 9. a4 a6 10. Nf1 b5 11. axb5 axb5 12. Ng3 b4 13. d4 bxc3 14. bxc3 cxd4 15.
cxd4 Qb6 16. h3 Qb3 17. Qxb3 Rxb3 18. Be3 Nb4 19. Reb1 Rxb1+ 20. Rxb1 Nc2 21.
Bd2 d5 22. e5 Ne4 23. Ba5 Nxg3 24. fxg3 Bh6 25. Bc3 Bf5 26. Rb3 Be3+ 27. Kh2
Be4 28. Bd1 Rc8 29. Bb2 Bxf3 30. Bxf3 e6 31. Bd1 Bf2 32. Bxc2 Rxc2 33. Ba3 Rc8
34. Bc5 h5 35. Rf3 Be1 36. Rd3 g5 37. Rd1 Ba5 38. Ra1 Bc7 39. Re1 Kg7 40. Be7
Bd8 41. Bc5 Rb8 42. Ra1 Bb6 43. Rb1 Bxc5 44. Rxb8 Bxd4 45. Rb3 Bxe5 46. Kg1
Bd4+ 47. Kf1 Kf6 48. Rb7 g4 49. hxg4 hxg4 50. Rb4 Ke5 51. Ke2 Ke4 52. Ra4 f5
53. Rb4 e5 54. Ra4 f4 55. gxf4 exf4 56. Ra3 Bc5 57. Rb3 d4 58. Rd3 Bb4 59. Rb3
Bc3 60. Rb8 d3+ 61. Kd1 Ke3 62. Rb3 f3 63. gxf3 g3 64. Rb8 g2 65. Rg8 Kf2 66.
f4 g1=Q+ 67. Rxg1 Kxg1 68. f5 Kf2 69. f6 Ke3 0-1

[Event "I Weekend A"]
[Site "Salerno ITA"]
[Date "2012.01.29"]
[Round "6"]
[White "Buiano, Fabio"]
[Black "Capozzi, Virgilio"]
[WhiteElo "2033"]
[BlackElo "1976"]
[Result "1/2-1/2"]
[PlyCount "94"]
[EventDate "2012.01.27"]

1. e4 e5 2. Nf3 Nc6 3. d4 exd4 4. Bc4 Bc5 5. c3 d3 6. b4 Bb6 7. a4 a6 8. Qxd3
d6 9. a5 Ba7 10. Be3 Nf6 11. Bxa7 Rxa7 12. Nbd2 O-O 13. O-O Qe7 14. Rfe1 Ra8
15. h3 Ne5 16. Nxe5 dxe5 17. Nf3 Bd7 18. Bd5 c6 19. Bc4 Rad8 20. Qe3 Bc8 21.
Qg5 Rfe8 22. Qh4 h6 23. g4 Nh7 24. Qxe7 Rxe7 25. Rad1 Rde8 26. Kg2 Kf8 27. Nh4
Rd7 28. Rxd7 Bxd7 29. Rd1 Nf6 30. Kf3 g6 31. Ke3 Re7 32. Nf3 Ke8 33. Rd2 Be6
34. Bxe6 Rxe6 35. Ne1 Ke7 36. f3 Rd6 37. Nd3 Nd7 38. Rb2 Kd8 39. Rb1 Kc7 40.
Nc5 Nxc5 41. bxc5 Rd7 42. Rf1 g5 43. Rh1 f6 44. h4 Kd8 45. hxg5 hxg5 46. Rh6
Ke7 47. Ke2 Ke6 1/2-1/2

[Event "I Weekend A"]
[Site "Salerno ITA"]
[Date "2012.01.29"]
[Round "6"]
[White "Cardone, Andrea"]
[Black "Grasso, Nino"]
[WhiteElo "1875"]
[BlackElo "2009"]
[Result "0-1"]
[PlyCount "70"]
[EventDate "2012.01.27"]

1. e4 e5 2. d3 Nf6 3. Bg5 Be7 4. Nf3 Nc6 5. Be2 h6 6. Bh4 d5 7. exd5 Nxd5 8.
Bxe7 Qxe7 9. O-O Be6 10. Nbd2 O-O-O 11. a3 Nf4 12. Ne4 f5 13. Ng3 h5 14. Qd2 g5
15. Qe3 h4 16. Nh1 Qf6 17. Rfe1 g4 18. Nxe5 Qxe5 19. Qxe5 Nxe5 20. Bf1 Nfg6 21.
Rad1 Bd5 22. c4 Bc6 23. d4 Ba4 24. Rd2 Rhe8 25. Rb1 h3 26. b4 Nh4 27. Be2 hxg2
28. Rdb2 gxh1=Q+ 29. Kxh1 Nhf3 30. dxe5 Bc6 31. b5 Be4 32. Rc1 Rh8 33. Kg2 f4
34. Rh1 Nxh2+ 35. f3 gxf3+ 0-1

[Event "I Weekend A"]
[Site "Salerno ITA"]
[Date "2012.01.29"]
[Round "6"]
[White "Chiusano, Raimondo"]
[Black "Ricci, Alessio"]
[WhiteElo "2124"]
[BlackElo "1865"]
[Result "0-1"]
[PlyCount "64"]
[EventDate "2012.01.27"]

1. e4 Nc6 2. Nf3 e5 3. Bb5 a6 4. Ba4 Nf6 5. d3 b5 6. Bb3 Bc5 7. O-O O-O 8. a4
Rb8 9. axb5 axb5 10. Re1 Ng4 11. Re2 d6 12. c3 Be6 13. Bc2 Bb6 14. h3 h5 15.
Ng5 Qf6 16. d4 Bc4 17. Bd3 Nh6 18. Bxc4 bxc4 19. d5 Na5 20. Nf3 Nb3 21. Bg5 Qg6
22. Ra4 f5 23. Bxh6 fxe4 24. Ng5 gxh6 25. Nxe4 Rf4 26. Rxc4 Nc5 27. Rxc5 Rxe4
28. Rxe4 Qxe4 29. Nd2 Qd3 30. Rc4 Rf8 31. Qxh5 Bxf2+ 32. Kh2 Bg3+ 0-1

[Event "I Weekend A"]
[Site "Salerno ITA"]
[Date "2012.01.29"]
[Round "6"]
[White "Collutiis, Duilio"]
[Black "Esposito, Luca"]
[WhiteElo "2477"]
[BlackElo "2224"]
[Result "1-0"]
[PlyCount "124"]
[EventDate "2012.01.27"]

1. g3 Nf6 2. Bg2 d5 3. Nf3 e6 4. O-O Be7 5. c4 O-O 6. b3 Nbd7 7. Bb2 b6 8. e3
Bb7 9. Nc3 dxc4 10. bxc4 c5 11. Qe2 Rc8 12. Rfd1 Qc7 13. Rac1 Rfe8 14. d3 Bf8
15. Ne1 Bxg2 16. Nxg2 a6 17. f4 g6 18. g4 Rb8 19. a4 Rbd8 20. e4 Nb8 21. e5
Nfd7 22. Ne4 Nc6 23. Nh4 Nd4 24. Bxd4 cxd4 25. Nf3 Be7 26. g5 Kg7 27. Qf2 Nc5
28. Nf6 Rh8 29. Ra1 Qc6 30. Nxd4 Rxd4 31. Qxd4 Nb3 32. Qe4 Bc5+ 33. Kg2 Qxe4+
34. Nxe4 Nxa1 35. Rxa1 Bd4 36. Rb1 Rc8 37. Kf3 h6 38. h4 h5 39. Nd2 Bc3 40. Nb3
Rd8 41. Ke4 Kf8 42. Rc1 Bb2 43. Rc2 Ba3 44. d4 Bb4 45. Rc1 Rc8 46. Kd3 Ke7 47.
Rb1 Rd8 48. Na1 Ba5 49. Nb3 Bb4 50. Nc1 Be1 51. Ne2 Bxh4 52. Rxb6 Be1 53. Ke4
h4 54. Rb1 Ba5 55. Rh1 Rb8 56. Rxh4 Rb4 57. Kd3 Rb3+ 58. Kc2 Rb4 59. c5 Kd7 60.
Rh7 Kc6 61. Rxf7 Kd5 62. Rd7+ Kc4 1-0

[Event "I Weekend A"]
[Site "Salerno ITA"]
[Date "2012.01.29"]
[Round "6"]
[White "Colucci, Stefano"]
[Black "Quattrone, Andrea"]
[WhiteElo "1895"]
[BlackElo "1790"]
[Result "1/2-1/2"]
[PlyCount "77"]
[EventDate "2012.01.27"]

1. e4 Nf6 2. e5 Nd5 3. d4 d6 4. c4 Nb6 5. exd6 cxd6 6. Nc3 g6 7. Be3 Bg7 8. Rc1
O-O 9. b3 Nc6 10. Nf3 f5 11. Qd2 Rf7 12. c5 dxc5 13. dxc5 Bxc3 14. Qxc3 Nd5 15.
Qb2 Nxe3 16. fxe3 Qa5+ 17. Kf2 f4 18. Bc4 fxe3+ 19. Ke2 e6 20. Rhf1 b5 21. Bd3
Nb4 22. Kxe3 Nxd3 23. Kxd3 b4 24. Ke3 Ba6 25. Rfd1 Qc7 26. Ne5 Rf5 27. Rd6 Qg7
28. Rxe6 Qh6+ 29. Kd4 Rd8+ 30. Rd6 Rxd6+ 31. cxd6 Rxe5 32. Qf2 Re2 33. Rc8+
Bxc8 34. Qxe2 Qg7+ 35. Kc5 Qc3+ 36. Kd5 Bb7+ 37. Ke6 Bc8+ 38. Kd5 Bb7+ 39. Ke6
1/2-1/2

[Event "I Weekend A"]
[Site "Salerno ITA"]
[Date "2012.01.29"]
[Round "6"]
[White "Consalvo, Gerardo"]
[Black "Franzese, Luigi"]
[WhiteElo "2029"]
[BlackElo "1877"]
[Result "1-0"]
[PlyCount "94"]
[EventDate "2012.01.27"]

1. e4 d6 2. d4 g6 3. Nc3 Bg7 4. g3 Nf6 5. Bg2 O-O 6. Nge2 e5 7. O-O Nc6 8. h3
h6 9. Be3 Bd7 10. Qd2 Kh7 11. Rad1 a6 12. f4 exd4 13. Nxd4 Qe7 14. Nb3 Rae8 15.
e5 dxe5 16. Bc5 Qd8 17. Bxf8 Bxf8 18. Ne4 Nxe4 19. Bxe4 Bxh3 20. Bxc6 Qxd2 21.
Rxd2 bxc6 22. Re1 e4 23. Kf2 Bd6 24. Rd4 f5 25. Rc4 Re7 26. Rxc6 a5 27. a4 Rd7
28. Ke3 Bg4 29. Nc5 Rf7 30. Nb7 Bb4 31. c3 Bf8 32. Nxa5 Rd7 33. Nc4 Rd3+ 34.
Kf2 Bh3 35. Ne3 Rd2+ 36. Re2 Rd7 37. a5 Bd6 38. a6 Rd8 39. b4 Ra8 40. Ra2 g5
41. Nd5 gxf4 42. gxf4 Kh8 43. a7 h5 44. Nxc7 Bxf4 45. Nxa8 h4 46. Nb6 Bg3+ 47.
Kg1 e3 1-0

[Event "I Weekend A"]
[Site "Salerno ITA"]
[Date "2012.01.29"]
[Round "6"]
[White "De Felice, Michele"]
[Black "Lamberti, Valerio"]
[WhiteElo "1845"]
[BlackElo "1750"]
[Result "1-0"]
[PlyCount "69"]
[EventDate "2012.01.27"]

1. d4 Nf6 2. Nf3 e6 3. e3 d5 4. Bd3 c5 5. c3 Bd6 6. Nbd2 O-O 7. O-O Nc6 8. dxc5
Bxc5 9. e4 Qc7 10. Qe2 Bd7 11. e5 Ng4 12. Bxh7+ Kxh7 13. Ng5+ Kg8 14. Qxg4 Nxe5
15. Qh5 Rfe8 16. Nb3 Ng6 17. Nxc5 Qxc5 18. Be3 Qc7 19. Rfe1 e5 20. Rad1 Bc6 21.
Qh7+ Kf8 22. Bc5+ Re7 23. h4 Ke8 24. Bxe7 Qxe7 25. Qxg7 Rd8 26. b4 e4 27. Qg8+
Nf8 28. f3 f5 29. fxe4 fxe4 30. Rf1 Bb5 31. Rxf8+ Qxf8 32. Qxf8+ Kxf8 33. Ne6+
Ke7 34. Nxd8 Kxd8 35. Rxd5+ 1-0

[Event "I Weekend A"]
[Site "Salerno ITA"]
[Date "2012.01.29"]
[Round "6"]
[White "Ficco, Corrado"]
[Black "Paladino, Giovanni"]
[WhiteElo "2071"]
[BlackElo "1820"]
[Result "1-0"]
[PlyCount "57"]
[EventDate "2012.01.27"]

1. e4 c5 2. Nf3 d6 3. d4 cxd4 4. Nxd4 Nf6 5. Nc3 a6 6. Be3 e6 7. f4 Be7 8. Qf3
Qc7 9. g4 Nc6 10. g5 Nd7 11. O-O-O b5 12. Bd3 Bb7 13. Kb1 Nc5 14. Rhe1 b4 15.
Nce2 Rc8 16. Nxc6 Qxc6 17. Nd4 Qc7 18. h4 d5 19. e5 Na4 20. Qe2 Rb8 21. Nb3 Rc8
22. Bd4 Nc5 23. f5 a5 24. f6 gxf6 25. gxf6 Bf8 26. Bb5+ Bc6 27. Nxc5 Bxc5 28.
Bxc5 Bxb5 29. Qxb5+ 1-0

[Event "I Weekend A"]
[Site "Salerno ITA"]
[Date "2012.01.29"]
[Round "6"]
[White "Lazic, Miroljub"]
[Black "Messina, Enrico"]
[WhiteElo "2470"]
[BlackElo "2139"]
[Result "1-0"]
[PlyCount "59"]
[EventDate "2012.01.27"]

1. g3 e5 2. c4 Nc6 3. Nc3 g6 4. Bg2 Bg7 5. e3 d6 6. Nge2 h5 7. h3 Nge7 8. d3
Bf5 9. O-O Qd7 10. Kh2 h4 11. g4 Be6 12. Nd5 Nd8 13. f4 c6 14. Nxe7 Qxe7 15. f5
gxf5 16. gxf5 Bd7 17. e4 c5 18. Nc3 Bc6 19. Bf3 Bf6 20. Rg1 Kd7 21. a3 a6 22.
b4 b5 23. Be3 Nb7 24. Rb1 Rab8 25. cxb5 axb5 26. a4 cxb4 27. axb5 bxc3 28.
bxc6+ Kxc6 29. Qa4+ Kc7 30. Bb6+ 1-0

[Event "I Weekend A"]
[Site "Salerno ITA"]
[Date "2012.01.29"]
[Round "6"]
[White "Martorelli, Antonio"]
[Black "Di Lascio, Savino"]
[WhiteElo "2230"]
[BlackElo "1992"]
[Result "1-0"]
[PlyCount "61"]
[EventDate "2012.01.27"]

1. e4 c6 2. d4 d5 3. exd5 cxd5 4. c4 Nf6 5. Nc3 Nc6 6. Bg5 Qa5 7. Nf3 Ne4 8.
cxd5 Nxc3 9. bxc3 Qxd5 10. c4 Qa5+ 11. Bd2 Qc7 12. Be2 g6 13. d5 Ne5 14. Nxe5
Qxe5 15. Rc1 f6 16. O-O Bg7 17. Re1 O-O 18. Bb4 Re8 19. Bf3 Qc7 20. d6 Qb6 21.
Rxe7 Be6 22. Rxb7 Qa6 23. Bd5 Kh8 24. c5 Bh6 25. Rb1 Bf5 26. Bc3 Bg7 27. R1b4
Rad8 28. Ra4 Qe2 29. Qxe2 Rxe2 30. Raxa7 Rde8 31. h4 1-0

[Event "I Weekend A"]
[Site "Salerno ITA"]
[Date "2012.01.29"]
[Round "6"]
[White "Moscarino, Carlo"]
[Black "Mazzarone, Maurizio"]
[WhiteElo "1784"]
[BlackElo "1930"]
[Result "0-1"]
[PlyCount "40"]
[EventDate "2012.01.27"]

1. e4 e6 2. Nf3 d5 3. Nc3 Nf6 4. e5 Nfd7 5. d4 c5 6. Be3 a6 7. Bd3 Nc6 8. dxc5
Ncxe5 9. Nxe5 Nxe5 10. Bd4 Nc6 11. Ne2 e5 12. c3 exd4 13. O-O Bxc5 14. b4 Bd6
15. b5 axb5 16. Bxb5 O-O 17. Ng3 Bxg3 18. hxg3 dxc3 19. Bxc6 bxc6 20. Qd4 Qf6
0-1

[Event "I Weekend A"]
[Site "Salerno ITA"]
[Date "2012.01.29"]
[Round "6"]
[White "Occhipinti, Giuseppe"]
[Black "Lamagna, Mario"]
[WhiteElo "1971"]
[BlackElo "1987"]
[Result "1-0"]
[PlyCount "93"]
[EventDate "2012.01.27"]

1. e4 e6 2. d4 d5 3. Nc3 Nf6 4. Bg5 Be7 5. e5 Nfd7 6. Bxe7 Qxe7 7. f4 O-O 8.
Nf3 c5 9. Bd3 f5 10. Qd2 Nc6 11. dxc5 Nxc5 12. O-O-O Ne4 13. Bxe4 fxe4 14. Ng5
a6 15. h4 Qc5 16. g3 Ne7 17. Qe2 h6 18. Qh5 Qc6 19. Ne2 Qe8 20. Qxe8 Rxe8 21.
Nh3 Nf5 22. Nf2 b5 23. Rhg1 Bb7 24. Nd4 Ne3 25. Rde1 Nc4 26. Nd1 Rac8 27. Ne3
Nxe3 28. Rxe3 Rc4 29. c3 Rec8 30. Rd1 b4 31. Kd2 Kf7 32. Rc1 g5 33. hxg5 hxg5
34. fxg5 Rg8 35. Rf1+ Ke7 36. Rf6 Bc8 37. g6 Bd7 38. g4 bxc3+ 39. bxc3 Rcc8 40.
Rh3 Rg7 41. g5 Rcg8 42. Rh7 Bc8 43. Ne2 Ke8 44. Nf4 Ke7 45. Nh5 Rxh7 46. gxh7
Rh8 47. g6 1-0

[Event "I Weekend A"]
[Site "Salerno ITA"]
[Date "2012.02.29"]
[Round "6"]
[White "Paduano, Gennaro"]
[Black "Zinnai, Graziano Matteo"]
[WhiteElo "1858"]
[BlackElo "1959"]
[Result "0-1"]
[PlyCount "92"]
[EventDate "2012.01.27"]

1. e4 c6 2. d4 d5 3. Nc3 dxe4 4. f3 exf3 5. Nxf3 Bg4 6. Bc4 Nf6 7. Ne5 Be6 8.
Bxe6 fxe6 9. Bf4 Nbd7 10. O-O Nxe5 11. Bxe5 g6 12. Qf3 Bg7 13. Qh3 Qd7 14. Ne2
O-O 15. c3 Nd5 16. Bxg7 Kxg7 17. Qg3 Qd6 18. Qh3 e5 19. dxe5 Qxe5 20. Nd4 Rf6
21. Rfe1 Qd6 22. Ne6+ Kg8 23. Ng5 h5 24. Ne4 Nf4 25. Nxf6+ Qxf6 26. Qf3 Rf8 27.
h3 Qh4 28. Kh2 Nxg2 29. Qxg2 Rf2 30. Rg1 Rxg2+ 31. Rxg2 Kg7 32. Rd1 Qf4+ 33.
Kh1 Qf3 34. Re1 Qxh3+ 35. Kg1 e6 36. Re4 Qf5 37. Re1 h4 38. Rf1 Qc5+ 39. Kh2 g5
40. Rxg5+ Qxg5 41. Rg1 Qxg1+ 42. Kxg1 Kg6 43. Kg2 Kg5 44. Kf3 Kf5 45. a4 c5 46.
a5 c4 0-1

[Event "I Weekend A"]
[Site "Salerno ITA"]
[Date "2012.01.29"]
[Round "6"]
[White "Paolillo, Gaia"]
[Black "D'Orta, Antonio"]
[WhiteElo "1838"]
[BlackElo "1920"]
[Result "0-1"]
[PlyCount "146"]
[EventDate "2012.01.27"]

1. e4 c6 2. d4 d5 3. Nc3 dxe4 4. Nxe4 Bf5 5. Ng3 Bg6 6. Nf3 h6 7. Bd3 Bxd3 8.
Qxd3 e6 9. O-O Nf6 10. Re1 Bd6 11. c4 O-O 12. Ne4 Nxe4 13. Qxe4 Nd7 14. c5 Nf6
15. Qh4 Be7 16. Ne5 Kh7 17. Be3 Nd7 18. Qe4+ f5 19. Qc2 Nxe5 20. dxe5 Qc7 21.
Rac1 Rad8 22. Qb3 Rd5 23. f4 Rfd8 24. a3 Bh4 25. g3 Be7 26. Qa4 a6 27. Qb3 R8d7
28. Rc3 h5 29. Rec1 Qd8 30. Qc2 Rd1+ 31. Rxd1 Rxd1+ 32. Kg2 Qd5+ 33. Kh3 h4 34.
Qg2 hxg3 35. Kxg3 Bh4+ 36. Kh3 Be1 37. Rc2 Qd3 38. Qe2 Kg6 39. Qxd3 Rxd3 40.
Re2 Ba5 41. Kg2 Kh5 42. h3 Bd8 43. Rd2 Rd5 44. Rxd5 cxd5 45. b4 Kg6 46. a4 Kf7
47. a5 Ke7 48. Bd2 Kd7 49. Kg3 Kc6 50. h4 Kb5 51. Be1 Kc4 52. Kf3 Kd3 53. h5
Be7 54. Bf2 Bd8 55. Be1 d4 56. Bf2 Kc4 57. Be1 Bc7 58. Ke2 Bd8 59. Bd2 Bh4 60.
Kd1 Bf2 61. Ke2 Bg3 62. Kf3 Bh4 63. Ke2 d3+ 64. Ke3 Bg3 65. Kf3 Bh4 66. Ke3 Be7
67. Be1 Bd8 68. Bd2 Bh4 69. Kf3 Kd4 70. Kg2 Ke4 71. Kf1 Kf3 72. Bc1 Bf2 73. Bb2
d2 0-1

[Event "I Weekend A"]
[Site "Salerno ITA"]
[Date "2012.01.29"]
[Round "6"]
[White "Pescatore, Lorenzo"]
[Black "Skrijely, Edin"]
[WhiteElo "2174"]
[BlackElo "1737"]
[Result "1-0"]
[PlyCount "44"]
[EventDate "2012.01.27"]

1. e4 b6 2. d4 d6 3. Nc3 Bb7 4. Be3 Nf6 5. f3 g6 6. Qd2 Bg7 7. O-O-O O-O 8. Bh6
Nbd7 9. h4 c5 10. Nge2 a6 11. h5 e5 12. dxc5 bxc5 13. hxg6 Bxh6 14. gxh7+ Nxh7
15. Qxh6 Ndf6 16. Ng3 Bc8 17. Nd5 Re8 18. Nxf6+ Qxf6 19. Qxh7+ Kf8 20. Qh8+
Qxh8 21. Rxh8+ Ke7 22. Rxe8+ Kxe8 1-0

[Event "I Weekend A"]
[Site "Salerno ITA"]
[Date "2012.01.29"]
[Round "6"]
[White "Rebeggiani, Andrea"]
[Black "Crafa, Carmine"]
[WhiteElo "1947"]
[BlackElo "1777"]
[Result "1-0"]
[PlyCount "43"]
[EventDate "2012.01.27"]

1. e4 e5 2. Nf3 Nc6 3. d4 exd4 4. Nxd4 Nf6 5. Nxc6 bxc6 6. Bd3 Bb4+ 7. c3 Bc5
8. e5 Nd5 9. Qg4 Ne7 10. Qxg7 Rg8 11. Qxh7 Rxg2 12. Be3 Bxe3 13. fxe3 Ng8 14.
Nd2 Qg5 15. O-O-O Bb7 16. Be4 Rg4 17. Bf5 Qg7 18. Qh3 Rg2 19. Bxd7+ Kf8 20.
Rhf1 Rd8 21. e6 Nh6 22. Ne4 {...} 1-0

[Event "I Weekend A"]
[Site "Salerno ITA"]
[Date "2012.01.29"]
[Round "6"]
[White "Somma, Andrea"]
[Black "Vena, Alessio"]
[WhiteElo "1785"]
[BlackElo "1898"]
[Result "0-1"]
[PlyCount "68"]
[EventDate "2012.01.27"]

1. e4 d6 2. d4 Nf6 3. Nc3 e5 4. Nf3 Nbd7 5. Bg5 Be7 6. Bc4 O-O 7. O-O c6 8. a4
b6 9. Nh4 Ne8 10. Bxe7 Qxe7 11. Nf5 Qf6 12. d5 c5 13. f4 a6 14. Rf3 exf4 15.
Rxf4 Ne5 16. Qf1 Kh8 17. Bb3 g6 18. Nd4 Qg7 19. Nc6 f5 20. Nxe5 dxe5 21. Rf2
Nd6 22. g4 f4 23. h3 g5 24. Kg2 Ra7 25. Kf3 Qh6 26. Qg2 Qh4 27. Ke2 Raf7 28.
Rf3 Kg7 29. Qf2 Qxf2+ 30. Kxf2 Kg6 31. Ne2 Nxe4+ 32. Kg2 Nd6 33. c4 e4 34. Bc2
Kg7 0-1

[Event "I Weekend A"]
[Site "Salerno ITA"]
[Date "2012.01.29"]
[Round "6"]
[White "Varvaglione, Antonio"]
[Black "Puglisi, Vincenzo"]
[WhiteElo "2008"]
[BlackElo "2034"]
[Result "1-0"]
[PlyCount "75"]
[EventDate "2012.01.27"]

1. e4 d6 2. d4 Nf6 3. Nc3 g6 4. Be3 Bg7 5. Qd2 O-O 6. f3 e5 7. O-O-O exd4 8.
Bxd4 Nc6 9. Be3 Be6 10. Bh6 Qe7 11. Bxg7 Kxg7 12. g4 h6 13. h4 Rh8 14. Nge2 b5
15. Nf4 b4 16. Ncd5 Bxd5 17. Nxd5 Nxd5 18. Qxd5 Ne5 19. Be2 Qe6 20. f4 Qxd5 21.
Rxd5 Nc6 22. g5 hxg5 23. Rxg5 Nd4 24. Bd3 Kf6 25. c3 bxc3 26. bxc3 Ne6 27. Rg4
Nc5 28. Bc2 Rae8 29. Re1 a5 30. e5+ dxe5 31. fxe5+ Ke6 32. Rf4 Rh5 33. Rf6+ Ke7
34. Ref1 Rxe5 35. Rxf7+ Kd6 36. Bxg6 Re2 37. R7f6+ Kd5 38. Bxe8 1-0